000 00318nam a2200097Ia 4500
008 180130s9999 xx 000 0 und d
245 _cNash, Christine
_aPutting it all together
260 _c2015
300 _aBook title: Practical sports coaching--Acession number C20229; pages 311-320
650 _aCOACHING (ATHLETICS)
999 _c354578
_d354578